Les meilleurs buteurs des sélections nationales - Statistiques

Statistiques générales
  • Ce quiz a été pris 96 fois
  • Le résultat moyen est 16 sur 40
Statistiques - réponses
Pays Joueur % Correct
France Olivier Giroud
99%
Portugal Cristiano Ronaldo
94%
Belgique Romelu Lukaku
94%
Argentine Lionel Messi
93%
Angleterre Harry Kane
92%
Brésil Neymar
88%
Pologne Robert Lewandowski
88%
Suède Zlatan Ibrahimovic
86%
Pays de Galles Gareth Bale
78%
Allemagne Miroslav Klose
75%
Espagne David Villa
70%
Colombie Radamel Falcao
68%
Chili Alexis Sanchez
60%
Ukraine Andriy Chevtchenko
58%
Canada Jonathan David
55%
Hongrie Ferenc Puskas
49%
Mexique Javier Hernandez
48%
Irlande Robbie Keane
45%
Algérie Islam Slimani
42%
Serbie Aleksandar Mitrovic
39%
Finlande Teemu Pukki
34%
Suisse Alexander Frei
33%
Australie Tim Cahill
32%
Macédoine du Nord Goran Pandev
28%
Slovaquie Marek Hamsik
24%
Ghana Asamoah Gyan
20%
Paraguay Roque Santa Cruz
13%
Italie Luigi Riva
8%
Luxembourg Gerson Rodrigues
7%
Afrique du Sud Benedict McCarthy
6%
Pérou Paolo Guerrero
6%
Maroc Ahmed Faras
2%
Autriche Anton Polster
2%
Gibraltar Liam Walker
2%
Saint-Marin Andy Selva
0%
Chine Hao Haidong
0%
Corée du Nord Jong-Il-gwan
0%
Japon Kunishige Kamamoto
0%
Grèce Nikos Anastopoulos
0%
Nigeria Rashidi Yekini
0%
Aucun quiz correspondant
Distribution des résultats
% des personnes avec chaque résultat
Percentile par nombre de réponses
Votre historique - résultats
Vous n’avez pas pris ce quiz